000 00456nam a2200181Ia 4500
005 20250508162649.0
008 008 250505s9999 xx 000 0 eng d
037 _aTextual
040 _aFEDL
_beng
_cFEDL
041 _aeng
_2eng
084 _a155.2, LIE
_qFEDL
100 _aLiebert R.M.
_9773740
245 0 _aPersonality
300 _axxiii,570p.
650 _aPersonality
942 _cTEXL
_h155.2, LIE
999 _c1377920
_d1377920